Managing data licensing need not be a problem! (Record no. 116203)

MARC details
000 -LEADER
fixed length control field 01483cad a22002655a 4500
001 - CONTROL NUMBER
control field L160086
008 - FIXED-LENGTH DATA ELEMENTS--GENERAL INFORMATION
fixed length control field 120529s2010 xxk g 000 0 eng d
035 ## - SYSTEM CONTROL NUMBER
System control number (Sirsi) u160086
041 0# - LANGUAGE CODE
Language code of text/sound track or separate title eng
110 ## - MAIN ENTRY--CORPORATE NAME
Corporate name or jurisdiction name as entry element Federation International Des Geometres
111 2# - MAIN ENTRY--MEETING NAME
Meeting name or jurisdiction name as entry element FIG Working Week 2010
Number [OBSOLETE] Sydney, Australia
Location of meeting 11-16 April 2010
245 00 - TITLE STATEMENT
Title Managing data licensing need not be a problem!
Medium [electronic resource]
260 ## - PUBLICATION, DISTRIBUTION, ETC.
Place of publication, distribution, etc. Sydney
Name of publisher, distributor, etc. FIG
Date of publication, distribution, etc. 2010
520 ## - SUMMARY, ETC.
Summary, etc. Explains that managing Data Licensing need not be a problem and, if done correctly, may even lead to some unforeseen and surprising benefits ? such as a Spatial Data Infrastructure. The presentation summarises how consulting and business services group Mouchel met the problem head on, showing how good and efficient management of licences within an SDI has the potential to make GIS as high profile, useful and relied upon in the boardroom as project performance and finances.
650 24 - SUBJECT ADDED ENTRY--TOPICAL TERM
Topical term or geographic name entry element CADASTRE
650 24 - SUBJECT ADDED ENTRY--TOPICAL TERM
Topical term or geographic name entry element GIS
650 24 - SUBJECT ADDED ENTRY--TOPICAL TERM
Topical term or geographic name entry element SPATIAL PLANNING
651 #4 - SUBJECT ADDED ENTRY--GEOGRAPHIC NAME
Geographic name United Kingdom
690 ## - LOCAL SUBJECT ADDED ENTRY--TOPICAL TERM (OCLC, RLIN)
Topical term or geographic name as entry element Business and management
700 1# - ADDED ENTRY--PERSONAL NAME
Personal name James, Sarah
700 1# - ADDED ENTRY--PERSONAL NAME
Personal name Richardson, John
856 40 - ELECTRONIC LOCATION AND ACCESS
Uniform Resource Identifier <a href="https://www.rics.org/Global/Downloads/Managing_Data_Licensing_Need_Not_Be_a_Problem.pdf">https://www.rics.org/Global/Downloads/Managing_Data_Licensing_Need_Not_Be_a_Problem.pdf</a>
Public note View the paper free of charge at www.rics.org
856 40 - ELECTRONIC LOCATION AND ACCESS
Uniform Resource Identifier <a href="https://fig.net/resources/proceedings/fig_proceedings/fig2010/ppt/ts04b/ts04b_james_richardson_ppt_4746.pdf">https://fig.net/resources/proceedings/fig_proceedings/fig2010/ppt/ts04b/ts04b_james_richardson_ppt_4746.pdf</a>
Public note View the presentation free of charge at www.fig.net
942 ## - ADDED ENTRY ELEMENTS (KOHA)
Suppress in OPAC 0
Holdings
Withdrawn status Lost status Source of classification or shelving scheme Damaged status Not for loan Home library Current library Shelving location Date acquired Total Checkouts Full call number Barcode Date last seen Copy number Price effective from Koha item type
    Dewey Decimal Classification     Virtual Virtual Online 22/05/2018   ONLINE PUBLICATION 160086-2001 06/08/2019 1 06/08/2019 Book